000 02972cam a2200361 i 4500
001 16267369
003 EG-ScBUE
005 20241015092557.0
008 100604t2011 njua f b 001 0 eng d
020 _a9780470609705
040 _aDLC
_beng
_erda
_cDLC
_dDLC
_dEG-ScBUE
082 0 4 _222
_a515.35
_bSTA
100 1 _aStakgold, Ivar,
_eauthor.
245 1 0 _aGreen's functions and boundary value problems /
_cIvar Stakgold, Department of Mathematical Sciences, University of Delaware, Newark, Delaware and Department of Mathematics, University of California, San Diego, La Jolla, California, Michael J. Holst, Department of Mathematics and Physics, University of California, San Diego, La Jolla, California.
250 _aThird edition.
264 1 _aHoboken, New Jersey :
_bA John Wiley & Sons,
_c[2011]
264 4 _cc2011
300 _axxi, 855 pages :
_billustrations ;
_c25 cm.
336 _2rdacontent
_atext
_btxt
337 _aunmediated
_2rdamedia
_bn
338 _avolume
_bnc
_2rdacarrier
490 0 _aPure and applied mathematics ;
_v99
504 _aIncludes bibliographical references and index.
520 _a"This Third Edition includes basic modern tools of computational mathematics for boundary value problems and also provides the foundational mathematical material necssary to understand and use the tools. Central to the text is a down-to-earth approach that shows readers how to use differential and integral equations when tackling significant problems in the physical sciences, engineering, and applied mathematics, and the book maintains a careful balance between sound mathematics and meaningful applications. A new co-author, Michael J. Holst, has been added to this new edition, and together he and Ivar Stakgold incorporate recent developments that have altered the field of applied mathematics, particularly in the areas of approximation methods and theory including best linear approximation in linear spaces; interpolation of functions in Sobolev Spaces; spectral, finite volume, and finite difference methods; techniques of nonlinear approximation; and Petrov-Galerkin and Galerkin methods for linear equations. Additional topics have been added including weak derivatives and Sobolev Spaces, linear functionals, energy methods and A Priori estimates, fixed-point techniques, and critical and super-critical exponent problems. The authors have revised the complete book to ensure that the notation throughout remained consistent and clear as well as adding new and updated references. Discussions on modeling, Fourier analysis, fixed-point theorems, inverse problems, asymptotics, and nonlinear methods have also been updated"--
650 7 _aBoundary value problems.
_2BUEsh
_918377
650 7 _aGreen's functions.
_2BUEsh
650 7 _aMathematical physics.
_2BUEsh
_96575
651 _2BUEsh
653 _bENGGEN
_cFebruary2017
655 _vReading book
700 1 _aHolst, Michael J.,
_eauthor.
942 _2ddc
_cBB
999 _c24198
_d24170